Biblioteca de mayo : coleccion de obras y documentos para la historia argentina. tomo xvii, parte 2 /
Guardado en:
| Autor Principal: | |
|---|---|
| Formato: | Libro |
| Publicado: |
Buenos Aires :
Ed.oficial,
1960
|
| Materias: | |
| Etiquetas: |
Agregar Etiqueta
Sin Etiquetas, Sea el primero en etiquetar este registro!
|
| LEADER | 00839nam a22001575a 4500 | ||
|---|---|---|---|
| 001 | EHU.bham014289 | ||
| 003 | AR-BHAM | ||
| 005 | 20071101151915.0 | ||
| 008 | 130507s1960##################000#0#####d | ||
| 082 | 9 | 8 | |a 982.03 |
| 100 | 1 | |a Argentina. Senado De La Nacion | |
| 245 | 1 | 0 | |a Biblioteca de mayo : |b coleccion de obras y documentos para la historia argentina. tomo xvii, parte 2 / |c Senado De La Nacion |
| 260 | |a Buenos Aires : |b Ed.oficial, |c 1960 | ||
| 505 | 0 | |a GUERRA DE LA INDEPENDENCIA : Expedición libertadora al Perú -- Campañas a la Sierra -- Proclamación y jura de la independencia del Perú -- José de San Martín, Protector de la libertad del Perú -- Junín y Ayacucho -- Fragata corsario La Argentina | |
| 653 | |a Historia de argentina-1810-1829 [indepen | ||
| 859 | |a AR-BHAM |b BIB. HUMANIDADES - General |h 982.03 |i Ar37 |p 256.66 |t Ej.1 |v XVII-2 |3 XVII-2 | ||
